movie settings - countries - Statistics

General Stats
  • This quiz has been taken 35 times
  • The average score is 11 of 15
Answer Stats
movie year country % Correct
Ratatouille 2007 France
97%
Parasite 2019 South Korea
93%
The Good, the Bad and the Ugly 1966 The USA
93%
Slumdog Millionaire 2008 India
90%
Lost in Translation 2003 Japan
86%
The Sound of Music 1965 Austria
83%
City of God 2002 Brazil
83%
Scott Pilgrim vs. the World 2010 Canada
83%
Evita 1996 Argentina
79%
Pan's Labyrinth 2006 Spain
79%
Full Metal Jacket 1987 Vietnam
72%
Suspiria 2018 Germany
66%
Picnic at Hanging Rock 1975 Australia
62%
Out of Africa 1985 Kenya
59%
Incendies 2010 Lebanon
10%
No matching quizzes found
Score Distribution
Percent of People with Each Score
Percentile by Number Answered
Your Score History
You have not taken this quiz